Estadísticas para Prueba de Camboya

Haz click aquí para tomar la prueba!

Estadísticas generales

  • Esta prueba ha sido tomada 471 veces
  • La puntuación promedio es 12 de 17

Estadísticas de respuestas

PistaRespuesta% Correcto
Países que limitan con CamboyaVietnam
97%
Países que limitan con CamboyaLaos
96%
Países que limitan con CamboyaTailandia
96%
La religión practicada por el 97% de los camboyanosBudismo
88%
País que controló Camboya de 1867 a 1953Francia
84%
Península en la que se encuentra CamboyaIndochina
82%
Capital de CamboyaNom Pen
82%
País que invadió Camboya en 1970Estados Unidos
77%
Ese idioma tiene 74 de estas - más que cualquier otro idiomaLetras
75%
Río importante que fluye a través de esa ciudadMekong
71%
Ese dictador intentaba emular el "Gran Salto Adelante" de esta figuraMao Zedong
59%
Antiguo complejo de templos que está representado en la bandera de CamboyaAngkor Wat
54%
Cosas en la tierra que han matado a unas 60.000 personas desde 1970Minas terrestres
54%
Notorio dictador al que se ha culpado de matar a cerca
del 20% de la población de Camboya a finales del decenio de 1970
Pol Pot
53%
Idioma oficial de Camboya
(también conocido como camboyano - pero danos otro nombre)
Jemer
44%
Otro nombre para Camboya Pista: comienza con KKampuchea
42%
Ese complejo de templos se encuentra en esta ciudad, con las iniciales SRSiem Reap
28%

Distribución de puntuación

Porcentaje por número respondido

Porcentaje de gente con cada puntuación

Historial de tus puntuaciones

No has tomado esta prueba